[Event "GER HS-175 email"]
[Site "GER email"]
[Date "2014.11.24"]
[Round "?"]
[White "Hirsch, Hanns Rainer"]
[Black "Rogge, Ralph"]
[Result "0-1"]
[WhiteElo "1807"]
[BlackElo "1803"]
[PlyCount "72"]
[EventDate "2014.12.01"]
[EventType "tourn (corr)"]
[EventRounds "6"]
[EventCountry "GER"]
[SourceTitle "Corr 2020"]
[Source "ChessBase"]
[SourceDate "2019.09.30"]
[SourceVersion "1"]
[SourceVersionDate "2019.09.30"]
[SourceQuality "1"]

1. e4 e6 2. d4 d5 3. Nc3 dxe4 4. Nxe4 Nd7 5. Bd3 Ngf6 6. Nf3 c5 7. Nxf6+ Nxf6 8. Be3 Qc7 9. Qd2 Nd5 10. dxc5 Nxe3 11. Bb5+ Bd7 12. Bxd7+ Qxd7 13. Qxd7+ Kxd7 14. c6+ Kxc6 15. fxe3 f6 16. Nd4+ Kd7 17. 0-0-0 e5 18. Nb5+ Kc6 19. Nc3 Bc5 20. Nd5 Rad8 21. c4 e4 22. b4 Bd6 23. Kc2 Be5 24. a4 Rhe8 25. Kb3 Rd6 26. Rd2 b6 27. b5+ Kb7 28. Rhd1 Red8 29. a5 h5 30. g3 f5 31. Ra1 Bxa1 32. a6+ Kb8 33. Ka2 Bf6 34. Kb3 Bg5 35. Re2 Rxd5 36. cxd5 Rxd5 0-1

[Event "GER-Cup22 E/V02 email"]
[Site "GER email"]
[Date "2014.05.12"]
[Round "?"]
[White "Hoehne, Ernst"]
[Black "Rogge, Ralph"]
[Result "1-0"]
[WhiteElo "2022"]
[BlackElo "1803"]
[PlyCount "45"]
[EventDate "2014.05.19"]
[EventType "tourn (corr)"]
[EventRounds "4"]
[EventCountry "GER"]
[SourceTitle "Corr 2020"]
[Source "ChessBase"]
[SourceDate "2019.09.30"]
[SourceVersion "1"]
[SourceVersionDate "2019.09.30"]
[SourceQuality "1"]

1. e4 e6 2. d4 d5 3. Nc3 dxe4 4. Nxe4 Nd7 5. Nf3 Ngf6 6. Nxf6+ Nxf6 7. Bd3 c5 8. 0-0 cxd4 9. Nxd4 Bc5 10. Nf3 0-0 11. Bg5 b6 12. Qe2 Bb7 13. Rad1 Qc7 14. Bxf6 gxf6 15. Be4 Kh8 16. Bxb7 Qxb7 17. Rd3 Rad8 18. Rfd1 Rxd3 19. Rxd3 e5 20. Nd2 Rg8 21. g3 Qc6 22. Qe4 Rc8 23. Rd8+ 1-0

[Event "GER-Cup22 E/V02 email"]
[Site "GER email"]
[Date "2014.05.12"]
[Round "?"]
[White "Rogge, Ralph"]
[Black "Roehrig, Uwe"]
[Result "1-0"]
[WhiteElo "1803"]
[BlackElo "1739"]
[PlyCount "49"]
[EventDate "2014.05.19"]
[EventType "tourn (corr)"]
[EventRounds "4"]
[EventCountry "GER"]
[SourceTitle "Corr 2020"]
[Source "ChessBase"]
[SourceDate "2019.09.30"]
[SourceVersion "1"]
[SourceVersionDate "2019.09.30"]
[SourceQuality "1"]

1. d4 e6 2. c4 Nf6 3. g3 d5 4. Bg2 Be7 5. Nf3 0-0 6. cxd5 exd5 7. 0-0 c6 8. Nc3 Bf5 9. Bd2 Nbd7 10. a3 Ne4 11. Ne1 Nxd2 12. Qxd2 Bg5 13. e3 Re8 14. Nd3 Bxd3 15. Qxd3 Nb6 16. b3 Nc8 17. Rfe1 Nd6 18. Rad1 f5 19. f3 g6 20. e4 fxe4 21. fxe4 dxe4 22. Nxe4 Nxe4 23. Rxe4 Rxe4 24. Bxe4 Qb6 25. Bxg6 1-0

[Event "GER S3G3 enginefrei email"]
[Site "GER email"]
[Date "2014.03.08"]
[Round "?"]
[White "Harf, Heinz"]
[Black "Rogge, Ralph"]
[Result "0-1"]
[WhiteElo "1982"]
[BlackElo "1803"]
[PlyCount "62"]
[EventDate "2014.03.14"]
[EventType "tourn (corr)"]
[EventRounds "6"]
[EventCountry "GER"]
[SourceTitle "Corr 2020"]
[Source "ChessBase"]
[SourceDate "2019.09.30"]
[SourceVersion "1"]
[SourceVersionDate "2019.09.30"]
[SourceQuality "1"]

1. c4 e5 2. Nc3 Nf6 3. g3 Bb4 4. Bg2 0-0 5. a3 Bxc3 6. bxc3 Re8 7. d4 d6 8. Nf3 e4 9. Ng5 h6 10. h4 hxg5 11. hxg5 Ng4 12. f3 exf3 13. Bxf3 Ne3 14. Bxe3 Rxe3 15. Qc1 Qxg5 16. Kf2 Rxf3+ 17. exf3 Qxc1 18. Raxc1 Nc6 19. Rh4 f6 20. Re1 Bd7 21. Ree4 Kf7 22. Ref4 Ne7 23. Rh5 f5 24. Rfh4 Ng6 25. Rh2 Re8 26. Rh1 Kf6 27. f4 c5 28. Re1 Rxe1 29. Kxe1 Be6 30. d5 Bf7 31. Rh1 b5 0-1

[Event "GER S3G3 enginefrei email"]
[Site "GER email"]
[Date "2014.03.08"]
[Round "?"]
[White "Rogge, Ralph"]
[Black "Kaufmann, Michael"]
[Result "1-0"]
[WhiteElo "1803"]
[BlackElo "1879"]
[PlyCount "27"]
[EventDate "2014.03.14"]
[EventType "tourn (corr)"]
[EventRounds "6"]
[EventCountry "GER"]
[SourceTitle "Corr 2020"]
[Source "ChessBase"]
[SourceDate "2019.09.30"]
[SourceVersion "1"]
[SourceVersionDate "2019.09.30"]
[SourceQuality "1"]

1. d4 Nf6 2. c4 e6 3. Nc3 Bb4 4. e3 0-0 5. Bd3 d5 6. Nf3 c5 7. 0-0 dxc4 8. Bxc4 Bxc3 9. bxc3 cxd4 10. cxd4 Bd7 11. Ne5 Nc6 12. Nxd7 Qxd7 13. Qf3 a6 14. a4 1-0

[Event "GER S3G3 enginefrei email"]
[Site "GER email"]
[Date "2014.03.08"]
[Round "?"]
[White "Rogge, Ralph"]
[Black "Vinken, Stefanie"]
[Result "1-0"]
[WhiteElo "1803"]
[BlackElo "1498"]
[PlyCount "31"]
[EventDate "2014.03.14"]
[EventType "tourn (corr)"]
[EventRounds "6"]
[EventCountry "GER"]
[SourceTitle "Corr 2020"]
[Source "ChessBase"]
[SourceDate "2019.09.30"]
[SourceVersion "1"]
[SourceVersionDate "2019.09.30"]
[SourceQuality "1"]

1. d4 d5 2. c4 e6 3. Nc3 Nf6 4. Bg5 Be7 5. Nf3 0-0 6. Qc2 Nbd7 7. cxd5 exd5 8. e3 h6 9. Bf4 c6 10. Bd3 Nh5 11. Be5 Nhf6 12. 0-0 Nxe5 13. dxe5 Ne8 14. Nd4 c5 15. Nf5 c4 16. Nxe7+ 1-0

[Event "GER Cup19 sf04 serv"]
[Site "GER email"]
[Date "2013.07.14"]
[Round "?"]
[White "Boehnke, Hartmut"]
[Black "Rogge, Ralph"]
[Result "1/2-1/2"]
[WhiteElo "2036"]
[BlackElo "1844"]
[PlyCount "53"]
[EventDate "2013.07.20"]
[EventType "tourn (corr)"]
[EventRounds "6"]
[EventCountry "GER"]
[SourceTitle "Corr 2015"]
[Source "ChessBase"]
[SourceDate "2015.07.17"]
[SourceVersion "1"]
[SourceVersionDate "2015.07.17"]
[SourceQuality "1"]

1. e4 e6 2. d4 d5 3. Nd2 Nf6 4. e5 Nfd7 5. Bd3 c5 6. c3 Nc6 7. Ne2 Qb6 8. Nf3 cxd4 9. cxd4 Bb4+ 10. Bd2 f6 11. exf6 Nxf6 12. 0-0 0-0 13. Bf4 Bd7 14. a3 Be7 15. b4 Rac8 16. Qd2 Nd8 17. b5 Nf7 18. a4 Ne4 19. Bxe4 dxe4 20. Ne5 Nxe5 21. Bxe5 a6 22. Nc3 Qa5 23. bxa6 e3 24. fxe3 bxa6 25. Rxf8+ Bxf8 26. d5 exd5 27. Rf1 1/2-1/2

[Event "GER Cup19 sf27 serv"]
[Site "GER email"]
[Date "2013.07.14"]
[Round "?"]
[White "Rogge, Ralph"]
[Black "Schoenberger, Kay"]
[Result "0-1"]
[WhiteElo "1844"]
[BlackElo "2008"]
[PlyCount "58"]
[EventDate "2013.07.20"]
[EventType "tourn (corr)"]
[EventRounds "6"]
[EventCountry "GER"]
[SourceTitle "Corr 2015"]
[Source "ChessBase"]
[SourceDate "2015.07.17"]
[SourceVersion "1"]
[SourceVersionDate "2015.07.17"]
[SourceQuality "1"]

1. c4 e5 2. Nc3 Nc6 3. g3 Bc5 4. Bg2 d6 5. e3 Nge7 6. Nge2 0-0 7. 0-0 a6 8. a3 f6 9. b4 Ba7 10. d4 Qe8 11. c5 dxc5 12. bxc5 Qf7 13. Rb1 Rd8 14. Qa4 Bd7 15. d5 Nd4 16. Qd1 Nxe2+ 17. Qxe2 Rab8 18. d6 cxd6 19. cxd6 Nc6 20. Rd1 f5 21. Nd5 e4 22. Qc2 Be6 23. Bf1 Ne5 24. Bb2 Nf3+ 25. Kh1 Rd7 26. Ne7+ Kh8 27. Be2 Qh5 28. Bxf3 Qxf3+ 29. Kg1 f4 0-1

[Event "GER HS-148 email"]
[Site "GER email"]
[Date "2013.05.03"]
[Round "?"]
[White "Loriguillo Gonzalez, Gregorio"]
[Black "Rogge, Ralph"]
[Result "1-0"]
[WhiteElo "1841"]
[BlackElo "1844"]
[PlyCount "69"]
[EventDate "2013.05.10"]
[EventType "tourn (corr)"]
[EventRounds "6"]
[EventCountry "GER"]
[SourceTitle "Corr 2015"]
[Source "ChessBase"]
[SourceDate "2015.07.17"]
[SourceVersion "1"]
[SourceVersionDate "2015.07.17"]
[SourceQuality "1"]

1. d4 Nf6 2. Nf3 d5 3. c4 e6 4. g3 dxc4 5. Bg2 a6 6. 0-0 Nc6 7. Nc3 Rb8 8. e4 b5 9. d5 Nb4 10. b3 cxb3 11. Qxb3 c5 12. dxc6 Nxc6 13. Bf4 Rb7 14. Rfd1 Rd7 15. e5 Na5 16. Qc2 Rxd1+ 17. Rxd1 Nd7 18. a4 b4 19. Ne4 Bb7 20. Nd6+ Bxd6 21. Rxd6 Qb8 22. Nd4 Qc8 23. Qxc8+ Bxc8 24. Bd2 Nxe5 25. Bxb4 Nac4 26. Bc6+ Ke7 27. Rd7+ Kf6 28. Rc7 Nb6 29. Be4 Nd5 30. Bxd5 exd5 31. f4 Nd3 32. Ba3 a5 33. Rc6+ Be6 34. f5 Ke5 35. fxe6 1-0

[Event "GER HS-148 email"]
[Site "GER email"]
[Date "2013.05.03"]
[Round "?"]
[White "Rogge, Ralph"]
[Black "Gronemann, Joern"]
[Result "0-1"]
[WhiteElo "1844"]
[BlackElo "1942"]
[PlyCount "72"]
[EventDate "2013.05.10"]
[EventType "tourn (corr)"]
[EventRounds "6"]
[EventCountry "GER"]
[SourceTitle "Corr 2015"]
[Source "ChessBase"]
[SourceDate "2015.07.17"]
[SourceVersion "1"]
[SourceVersionDate "2015.07.17"]
[SourceQuality "1"]

1. d4 Nf6 2. c4 g6 3. Nc3 Bg7 4. e4 d6 5. Nf3 0-0 6. h3 e5 7. d5 Nh5 8. Nh2 Na6 9. g3 Nc5 10. Be3 a5 11. Be2 Nf6 12. Bf3 Ne8 13. g4 f5 14. gxf5 gxf5 15. Nf1 Qh4 16. Bxc5 dxc5 17. Qe2 Ra6 18. Ng3 Raf6 19. Nh5 Rg6 20. Nxg7 Rxg7 21. 0-0-0 fxe4 22. Nxe4 Nd6 23. Bg4 Bxg4 24. hxg4 Qxg4 25. Qxg4 Rxg4 26. Rdg1 h5 27. Nxc5 Rxf2 28. Rxg4+ hxg4 29. Rg1 Rf4 30. b3 Nf5 31. Kd2 g3 32. Nxb7 Rf2+ 33. Kd3 g2 34. Nxa5 Kg7 35. Nc6 Kf6 36. a4 Nh4 0-1

[Event "GER HS-148 email"]
[Site "GER email"]
[Date "2013.05.03"]
[Round "?"]
[White "Turowski, Peter Hinrich"]
[Black "Rogge, Ralph"]
[Result "1-0"]
[WhiteElo "1884"]
[BlackElo "1844"]
[PlyCount "87"]
[EventDate "2013.05.10"]
[EventType "tourn (corr)"]
[EventRounds "6"]
[EventCountry "GER"]
[SourceTitle "Corr 2015"]
[Source "ChessBase"]
[SourceDate "2015.07.17"]
[SourceVersion "1"]
[SourceVersionDate "2015.07.17"]
[SourceQuality "1"]

1. e4 c5 2. Nf3 e6 3. d4 cxd4 4. Nxd4 a6 5. Bd3 Bc5 6. Nb3 Be7 7. 0-0 d6 8. Qg4 g6 9. Qg3 Nc6 10. Nc3 Nf6 11. Bh6 Bf8 12. Bxf8 Kxf8 13. f4 e5 14. Be2 Be6 15. Rf2 h5 16. Raf1 h4 17. Qe3 Nd7 18. Qd2 Qc7 19. Nc1 Nd4 20. h3 Nb6 21. Nd3 Nxe2+ 22. Nxe2 Nd7 23. b3 Re8 24. c4 Qb6 25. Kh2 Nc5 26. Nxc5 Qxc5 27. f5 gxf5 28. exf5 Bc8 29. Nc3 Qd4 30. f6 Bd7 31. Qg5 Rh7 32. Nd5 e4 33. Ne7 Qe5+ 34. Qxe5 dxe5 35. Re1 Rxe7 36. fxe7+ Kxe7 37. Rxe4 f6 38. c5 Bc6 39. Rg4 Be8 40. a4 Kf7 41. Rb4 Bc6 42. Rb6 Ke6 43. b4 Kd5 44. Rc2 1-0

[Event "GER-Cup10 E/V01 email"]
[Site "GER email"]
[Date "2011.10.11"]
[Round "?"]
[White "Limmer, Reinhold"]
[Black "Rogge, Ralph"]
[Result "0-1"]
[WhiteElo "1563"]
[BlackElo "1844"]
[PlyCount "74"]
[EventDate "2011.10.20"]
[EventType "tourn (corr)"]
[EventRounds "4"]
[EventCountry "GER"]
[SourceTitle "Corr 2015"]
[Source "ChessBase"]
[SourceDate "2015.07.17"]
[SourceVersion "1"]
[SourceVersionDate "2015.07.17"]
[SourceQuality "1"]
[WhiteTeam "Germany"]
[BlackTeam "Latvia"]
[WhiteTeamCountry "GER"]
[BlackTeamCountry "LAT"]

1. c4 e5 2. d3 Nf6 3. a3 d5 4. Nf3 dxc4 5. Nxe5 cxd3 6. Nc3 Be7 7. exd3 0-0 8. Be2 Bf5 9. 0-0 Nbd7 10. d4 Nb6 11. Re1 c6 12. Bd3 Bxd3 13. Qxd3 Nfd5 14. Qg3 Bf6 15. Ne4 Kh8 16. Bg5 Bxg5 17. Nxg5 Qc7 18. Re4 h6 19. Rh4 Rae8 20. Ne4 Nd7 21. Nd6 Nxe5 22. dxe5 Re6 23. Re1 Rg6 24. Qb3 Qe7 25. Qc4 Rxd6 26. Rhe4 Re6 27. g3 Qc7 28. Qc5 Rfe8 29. Qxa7 f5 30. R4e2 f4 31. Qd4 Qf7 32. Re4 Qh5 33. b3 Qh3 34. Rxf4 Nxf4 35. Qxf4 Qh5 36. g4 Qg5 37. Qxg5 hxg5 0-1

[Event "GER HS-104 email"]
[Site "GER email"]
[Date "2011.06.13"]
[Round "?"]
[White "Rogge, Ralph"]
[Black "Schmitz, Thomas"]
[Result "1/2-1/2"]
[WhiteElo "1863"]
[BlackElo "1869"]
[PlyCount "96"]
[EventDate "2011.06.20"]
[EventType "tourn (corr)"]
[EventRounds "6"]
[EventCountry "GER"]
[SourceTitle "Corr 2015"]
[Source "ChessBase"]
[SourceDate "2015.07.17"]
[SourceVersion "1"]
[SourceVersionDate "2015.07.17"]
[SourceQuality "1"]
[WhiteTeam "Germany"]
[BlackTeam "Germany"]
[WhiteTeamCountry "GER"]
[BlackTeamCountry "GER"]

1. Nf3 Nc6 2. c4 e5 3. d3 Nf6 4. a3 d6 5. g3 Be7 6. Bg2 0-0 7. 0-0 d5 8. cxd5 Nxd5 9. Nbd2 Be6 10. Qc2 a5 11. b3 Nd4 12. Nxd4 exd4 13. Bb2 c5 14. a4 b6 15. Nc4 Rb8 16. Bc1 Re8 17. Bd2 Bg5 18. Rfe1 h6 19. h4 Bxd2 20. Qxd2 Qf6 21. Qb2 Nb4 22. Rad1 Bg4 23. Rd2 h5 24. e4 dxe3 25. Rxe3 Qxb2 26. Nxb2 Be6 27. Nc4 Red8 28. Be4 Rd4 29. Kf1 Bh3+ 30. Bg2 Be6 31. Be4 g6 32. Bf3 Kg7 33. Ke2 Rbd8 34. Be4 Bg4+ 35. Kf1 Bh3+ 36. Ke2 Bg4+ 37. Kf1 Bc8 38. Nxb6 Ba6 39. Nc4 Bxc4 40. bxc4 Rxc4 41. dxc4 Rxd2 42. Bf3 Rc2 43. Re7 Ra2 44. Rc7 Ra1+ 45. Ke2 Rxa4 46. Rxc5 Ra2+ 47. Ke3 Ra3+ 48. Ke2 a4 1/2-1/2

[Event "GER HS-104 email"]
[Site "GER email"]
[Date "2011.06.13"]
[Round "?"]
[White "Rogge, Ralph"]
[Black "Warzecha, Helmut"]
[Result "1/2-1/2"]
[WhiteElo "1863"]
[BlackElo "1954"]
[PlyCount "83"]
[EventDate "2011.06.20"]
[EventType "tourn (corr)"]
[EventRounds "6"]
[EventCountry "GER"]
[SourceTitle "Corr 2015"]
[Source "ChessBase"]
[SourceDate "2015.07.17"]
[SourceVersion "1"]
[SourceVersionDate "2015.07.17"]
[SourceQuality "1"]
[WhiteTeam "Germany"]
[BlackTeam "Germany"]
[WhiteTeamCountry "GER"]
[BlackTeamCountry "GER"]

1. Nf3 c5 2. c4 Nf6 3. g3 d5 4. Bg2 d4 5. b4 cxb4 6. a3 bxa3 7. Bxa3 Nc6 8. d3 e5 9. Bxf8 Kxf8 10. 0-0 g6 11. Nbd2 Kg7 12. Qa4 Bd7 13. Qa3 h6 14. Rfb1 Qc7 15. c5 Be6 16. Qb2 Rhb8 17. Rc1 a5 18. Nc4 Nd7 19. e3 Bd5 20. Qb5 dxe3 21. fxe3 e4 22. dxe4 Bxc4 23. Qxc4 Nce5 24. Qb5 Nxf3+ 25. Bxf3 Re8 26. e5 Rab8 27. Qxa5 Qxa5 28. Rxa5 Rxe5 29. Bg4 f5 30. Bf3 Rxe3 31. Rd1 Ne5 32. Bd5 Rc3 33. Rb5 Rd8 34. Rxb7+ Kf8 35. Rc7 Rd7 36. Rxd7 Nxd7 37. g4 fxg4 38. Be4 Ke7 39. Bxg6 Ne5 40. Rd6 Rxc5 41. Ra6 Rc6 42. Rxc6 1/2-1/2

[Event "GER T116-E17-S email"]
[Site "GER email"]
[Date "2011.06.01"]
[Round "?"]
[White "Tauber, Hans"]
[Black "Rogge, Ralph"]
[Result "1-0"]
[WhiteElo "2207"]
[BlackElo "1844"]
[PlyCount "67"]
[EventDate "2011.06.08"]
[EventType "tourn (corr)"]
[EventRounds "8"]
[EventCountry "GER"]
[SourceTitle "Corr 2015"]
[Source "ChessBase"]
[SourceDate "2015.07.17"]
[SourceVersion "1"]
[SourceVersionDate "2015.07.17"]
[SourceQuality "1"]
[WhiteTeam "Germany"]
[BlackTeam "Latvia"]
[WhiteTeamCountry "GER"]
[BlackTeamCountry "LAT"]

1. d4 Nf6 2. c4 g6 3. Nc3 Bg7 4. e4 d6 5. h3 0-0 6. Nf3 Na6 7. Be3 c6 8. Be2 Nc7 9. 0-0 a6 10. Qc2 b5 11. Rac1 Bd7 12. b3 Nh5 13. Qd2 Rb8 14. e5 f5 15. Bh6 d5 16. a3 f4 17. Bxg7 Nxg7 18. cxd5 Nxd5 19. Ne4 Qc8 20. Rfe1 Bf5 21. Nc5 a5 22. e6 Nxe6 23. Ne5 Nxc5 24. Rxc5 Bd7 25. Bg4 Bxg4 26. Nxc6 Rb7 27. hxg4 Rc7 28. Ne5 Qb7 29. Qxa5 Ra8 30. Qxb5 Qxb5 31. Rxb5 Nc3 32. Rc5 Rxc5 33. dxc5 Rxa3 34. c6 1-0